Top 20 Greatest War Movies - Statistics

General Stats
  • This quiz has been taken 2,150 times
  • The average score is 4 of 20
Answer Stats
Number Answer % Correct
1 Saving Private Ryan
91%
4 Platoon
54%
7 Apocalypse Now
49%
3 Full Metal Jacket
47%
2 Blackhawk Down
23%
17 All Quiet on the Western Front
19%
5 Patton
19%
6 The Bridge on the River Kwai
18%
14 A Bridge Too Far
14%
9 Tora Tora Tora
11%
20 Good Morning, Vietnam
9%
13 Letters From Iwo Jima
7%
10 Midway
6%
15 Kelly's Heroes
5%
8 The Dirty Dozen
5%
19 The Green Berets
5%
16 The BIg Red One
4%
12 Stalag 17
2%
11 Sergeant York
1%
18 Thirty Seconds Over Tokyo
1%
No matching quizzes found
Score Distribution
Percent of People with Each Score
Percentile by Number Answered
Your Score History
You have not taken this quiz